Handbook of research on social entrepreneurship

Gespeichert in:
Bibliographische Detailangaben
Weitere Verfasser: Fayolle, Alain, Matlay, Harry
Format: Buch
Sprache:Englisch
Veröffentlicht: Cheltenham Edward Elgar 2010
Schlagworte:
Tags: Tag hinzufügen
Keine Tags, Fügen Sie das erste Tag hinzu!

MARC

LEADER 00000nam a2200000 4500
001 0135193
005 20240313132953.9
020 |a 978-1-84844-427-0 
041 0 |a eng 
044 |a GB 
245 1 0 |a Handbook of research on social entrepreneurship  |c edited by: Alain Fayolle, Harry Matlay 
264 1 |a Cheltenham  |b Edward Elgar  |c 2010 
300 |a 336 s. 
610 2 0 |a podnikanie sociálne 
610 2 0 |a výskum 
610 2 0 |a podnik sociálny 
610 2 0 |a prognózy 
610 2 0 |a spolupráca regionálna 
610 2 0 |a organizácie neziskové 
610 2 0 |a kapitál sociálny 
610 2 0 |a modely podniku 
700 1 |a Fayolle, Alain 
700 1 |a Matlay, Harry